Chinese America history and perspectives

Bibliographic Details
Corporate Author: Chinese Historical Society of America
Format: Unknown
Language:English
Published: San Francisco, CA : Chinese Historical Society of America
Subjects:
Online Access:Acceso restringido

MARC

LEADER 00000ny a22000003n 4500
005 20110512105947.0
008 890530c19879999caua p 0 a0eng d
022 0 |a 1051-7642 
035 |a 3184 
040 |a UCA  |d vLex 
090 |c 1740  |d 1740 
245 0 0 |a Chinese America  |h [Recurso electrn̤ico]  |b history and perspectives 
256 |a Servicio en ln̕ea 
260 |a San Francisco, CA :  |b Chinese Historical Society of America 
310 |a Anual 
506 1 |a Contenido solo disponible en los productos indicados  |d vLex Global  |d vLex Global (Academic Edition, excluding Law Schools)  |d vLex Global (Academic Edition, Law Schools) 
650 0 4 |a Chinos  |x Amřica  |x Publicaciones perid̤icas 
710 2 |a Chinese Historical Society of America. 
740 0 |a vLex Revista (Servicios en ln̕ea) 
843 |a Electrn̤ica. Cerrada. 
853 |8 1  |i (year)  |j (month)  |k (day) 
856 4 0 |z Acceso restringido  |u http://vlex.com/account/login_ip?fuente_id=3184  
942 |c REV 
999 0 0 |a Chinese Americans  |v Periodicals.